ბათუმის შოთა რუსთაველის სახელმწიფო უნივერსიტეტის ბიბლიოთეკა

საქართველოს შავი ზღვის სანაპირო ზონა : (ბიბ.ჩანაწერი № 50093)

000 -ლიდერი
ფიქსირებული სიგრძის საკონტროლო ველი 01279nam a2200253Ia 4500
001 - საკონტროლო ნომერი
საკონტროლო ველი 17031
003 - საკონტროლო ნომრის იდენტიფიკატორი
საკონტროლო ველი GE_BSU
005 - ბოლო ოპერაციის თარიღი და დრო
საკონტროლო ველი 20200203152833.0
008 - ფიქსირებული სიგრძის მონაცემთა ელემენტები - ზოგადი ინფორმაცია
ფიქსირებული სიგრძის საკონტროლო ველი 181216s2015ge xx |||||||||||||| ||geo||
020 ## - წიგნის საერთაშორისო სტანდარტული ნომერი
International Standard Book Number 9789941079108
040 ## - კატალოგიზაციის წყარო
Transcribing agency GE_BSU
041 ## - ენის კოდი
Language code of text/sound track or separate title geo
080 ## - უნივერსალური ათობითი კლასიფიკაციის ინდექსი
Universal Decimal Classification number 913(479.22)(084.12) ჯ-20
100 ## - მთავარი ჩანაწერი - პიროვნების სახელი
Personal name ჯანელიძე,ზურაბ.
9 (RLIN) 6708
245 ## - ცნობა სათაურის შესახებ
Title საქართველოს შავი ზღვის სანაპირო ზონა :
Remainder of title რეტროსპექტრულ-პროგნოზული ანალიზი /
Statement of responsibility, etc ზურაბ ჯანელიძე, ; სამეცნიერო რედ. ჭიჭიკო ჯანელიძე.
260 ## - გამოქვეყნების, გავრცელების, და სხვა. ცნობები
Place of publication, distribution, etc თბილისი
264 ## - წარმოების, გამოცემის, დისტრიბუციის და სხვა ცნობები
გამოცემის, წარმოების, დისტრიბუციის... ადგილი თბილისი,
გამოცემის, წარმოების, დისტრიბუციის... თარიღი 2015.
300 ## - ფიზიკური აღწერა
Extent 136 გვ ;
Other physical details ილ;
Dimensions 19 სმ.
653 ## - INDEX TERM--UNCONTROLLED
Uncontrolled term გეოგრაფია
653 ## - INDEX TERM--UNCONTROLLED
Uncontrolled term ზღვის ნაპირის გეოეკოლოგიური პრობლემები
653 ## - INDEX TERM--UNCONTROLLED
Uncontrolled term საქართველოს შავი ზღვის სანაპირო ზონა
700 ## - ADDED ENTRY--PERSONAL NAME
Personal name ჯანელიძე, ჭიჭიკო
Relator term სამეცნიერო რედაქტორი
9 (RLIN) 6709
942 ## - ADDED ENTRY ELEMENTS (KOHA)
Koha item type წიგნი
Source of classification or shelving scheme
ეგზემპლარები
ჩამოწერის სტატუსი დაკარგული ეგზემპლარის სტატუსი კლასიფიკაციის წყარო ან თაროზე გაწყობის სქემა დაზიანების სტატუსი არ გაიცემა მუდმივი მდებარეობა (დაცვის ადგილი) ამჟამინდელი ადგილსამყოფელი თაროზე განთავსების ადგილი შეძენის თარიღი სრული შენახვის შიფრი შტრიხკოდი ბოლო ოპერაციის თარიღი ეგზემპლარის მიმდევრობითი ნომერი (კეტერი?) ფასის ძალაში შესვლის თარიღი ეგზემპლარის სახეობა
          ბათუმის შოთა რუსთაველის სახელმწიფო უნივერსიტეტის მთავარი ბიბლიოთეკა ბათუმის შოთა რუსთაველის სახელმწიფო უნივერსიტეტის მთავარი ბიბლიოთეკა წიგნსაცავი 2018-12-17 913(479.22)(084.12) ჯ-20 45208 2018-12-17 45208 2018-12-17 წიგნი
          ბათუმის შოთა რუსთაველის სახელმწიფო უნივერსიტეტის მთავარი ბიბლიოთეკა ბათუმის შოთა რუსთაველის სახელმწიფო უნივერსიტეტის მთავარი ბიბლიოთეკა წიგნსაცავი 2018-12-17 913(479.22)(084.12) ჯ-20 45209 2018-12-17 45209 2018-12-17 წიგნი
          ბათუმის შოთა რუსთაველის სახელმწიფო უნივერსიტეტის მთავარი ბიბლიოთეკა ბათუმის შოთა რუსთაველის სახელმწიფო უნივერსიტეტის მთავარი ბიბლიოთეკა წიგნსაცავი 2018-12-17 913(479.22)(084.12) ჯ-20 45210 2018-12-17 45210 2018-12-17 წიგნი